Представление документа в формате RUSMARC

ПолеНазваниеЗначение
  Тип записи a
  Библиографический уровень c
001 Контрольный номер SKBR/068a12d5-6ea3-4f0e-8459-11b4a581337f
005 Дата корректировки 20230109145947.1
010 Индекс ISBN __
a ISBN 978-5-901841-16-6
9 Тираж 1000 экз.
d Цена 300-00
035 Другие системные номера __
a Идентификатор записи RU\NLR\BIBL_A\010972292
100 Данные общей обработки __
a Данные общей обработки 20160205d2010 km y0rusy028902 ca
101 Язык документа 0_
a Язык текста rus
102 Страна публикации __
a Страна публикации RU
105 Кодированные данные (монография) __
a Кодированные данные (монография) acbhz 000cd
181 Поле кодированных данных: вид содержания _0
a Код вида содержания (ISBD) i
182 Поле кодированных данных: тип средства _0
a Код типа средства (ISBD) n
200 Заглавие и сведения об ответственности 1_
a Заглавие Комарово - Келломяки
e Сведения, относящиеся к заглавию статьи, воспоминания : [историко-литературный сборник]
f Первые сведения об ответственности Комаровская библиотека
g Последующие сведения об ответственности редакторы: Марина Корнакова [и др.]
203 Вид содержания и тип средства __
a Вид содержания Текст
c Тип средства непосредственный
205 Сведения об издании __
a Основные сведения об издании Издание 2-е, исправленное и дополненное
210 Выходные данные 1_
a Место издания Санкт-Петербург
c Издательство Редакционная коллегия журнала "Реликвия"
d Дата издания 2010
215 Физическое описание __
a Объем 319 с.
c Иллюстрации/тип воспроизводства ил., портр., факс.
d Формат 21 см
e Сопроводительные материалы 1 л. (слож. в 4 с.) ил., карт. Некрополь в Комарово: план / Эдуард Моженок, Валерий Мельников
300 Общие примечания __
a Общие примечания Дар М. Д. Чернышовой-Граниной
320 Библиография __
a Библиография Библиография в конце статей
330 Аннотация __
a Аннотация Историко-литературный сборник статей и воспоминаний отражает уникальную судьбу дачного поселка Келломяки-Комарово, вошедшего в историю "петербургского мифа" как "маленькая столица", отзвук, эхо Петербурга. Эта книга - о природе и архитектуре, об истории и мифах, но прежде всего о людях, которые и составили особую культурную среду Келломяк-Комарово: это архитекторы Гавриил Барановский и Николай Никонов, ученые Абрам Иоффе и Дмитрий Лихачев, поэты Анна Ахматова и Иосиф Бродский, композиторы Дмитрий Шостакович и Василий Соловьев-Седой, балерины Галина Уланова и Татьяна Вячеслова, кинорежиссеры Григорий Козинцев и Иосиф Хейфиц, писатели Даниил Гранин и Валерий Попов и многие, многие другие... К изданию прилагается план Некрополя в Комарово.
464 Аналитический уровень _0
1 2001
a Некрополь в Комарово
e план
1 700 1
a Моженок
b Э. С.
g Эдуард Степанович
4 070
1 701 1
a Мельников
b В. А.
g Валерий Александрович
c картограф, краевед
3 RU\NLR\AUTH\770154647
464 Аналитический уровень _0
1 2001
a Природа окрестностей Комарово
1 700 1
a Исаченко
b Г. А.
g Григорий Анатольевич
4 070
464 Аналитический уровень _0
1 2001
a Все началось с дороги...
1 700 1
a Балашов
b Е. А.
g Евгений Александрович
4 070
464 Аналитический уровень _0
1 2001
a Карта художника И. А. Владимирова
1 700 1
a Снеговая
b И. А.
g Ирина Александровна
4 070
464 Аналитический уровень _0
1 2001
a Последние жители поселка Келломяки
1 700 1
a Базанов
b П. Н.
g Петр Николаевич
4 070
464 Аналитический уровень _0
1 2001
a Академический поселок
1 700 1
a Калесник
b Е. В.
g Екатерина Владимировна
4 070
600 Персоналии _1
2 Код системы nlr_sh
a Персоналии (Фамилия) Владимиров
b Персоналии (Имя) И. А.
g Полное имя Иван Алексеевич
f Даты 1869-1947
606 Тематические рубрики __
2 Код системы nlr_sh
a Основная рубрика История
606 Тематические рубрики __
a Основная рубрика История России в целом
y Географическая подрубрика Ленинград
y Географическая подрубрика Санкт-Петербург
y Географическая подрубрика Келломяки-Комарово
y Географическая подрубрика Комарово
610 Ключевые слова 0_
a Ключевые слова дачные поселки
610 Ключевые слова 0_
a Ключевые слова дачи
610 Ключевые слова 0_
a Ключевые слова история культуры
610 Ключевые слова 0_
a Ключевые слова архитектура
610 Ключевые слова 0_
a Ключевые слова музыка
610 Ключевые слова 0_
a Ключевые слова очерки
610 Ключевые слова 0_
a Ключевые слова русская культура
610 Ключевые слова 0_
a Ключевые слова воспоминания
610 Ключевые слова 0_
a Ключевые слова поэты
610 Ключевые слова 0_
a Ключевые слова русские поэты
610 Ключевые слова 0_
a Ключевые слова русские писатели
610 Ключевые слова 0_
a Ключевые слова русские художники
610 Ключевые слова 0_
a Ключевые слова художники
686 Индексы других классификаций __
a Классификационный индекс 63.3(2-2Санкт-Петербург)-7
2 Код системы rubbks
702 Вторичная интеллектуальная ответственность _1
a Фамилия Корнакова
b Имя М.
g Полное личное имя Марина
4 Код отношения 340
702 Вторичная интеллектуальная ответственность _1
a Фамилия Вадимова
b Имя И.
g Полное личное имя Ирина
4 Код отношения 340
702 Вторичная интеллектуальная ответственность _1
a Фамилия Баева
b Имя А.
g Полное личное имя Анастасия
4 Код отношения 340
702 Вторичная интеллектуальная ответственность _1
a Фамилия Чернышова-Гранина
b Имя М. Д.
f Даты 1945-
g Полное личное имя Марина Даниловна
4 Код отношения 320
712 Наименование организации (Вторичная ответственность) 02
a Организация/ юрисдикция Библиотека поселка Комарово
e Место проведения временной организации Санкт-Петербург
712 Наименование организации (Вторичная ответственность) 02
a Организация/ юрисдикция "Келломяки-Комарово", фонд
801 Источник записи _0
a Страна RU
b Организация NLR
c Дата составления 20160205
g Правила каталогизации RCR
801 Источник записи _1
a Страна RU
b Организация NLR
c Дата составления 20160205
g Правила каталогизации RCR
801 Источник записи _2
a Страна RU
b Организация NLR
c Дата составления 20171105
2 Код формата rusmarc
g Правила каталогизации RCR
852 Данные о местонахождении __
i Авторский знак К 63
j Шифр хранения 63.3(2-2Санкт-Петербург)-7
900 Макрообъекты __
a Макрообъекты Комарово-Келломяки. Статьи и воспоминания. 2010 г.
901 Тип документа __
a Ответственный КиК/Котельникова
t Тип документа x
903 Характеристики (МАРС) __
a Дата передачи 20220224
c Наименование библиотеки (МАРС) Муниципальное бюджетное учреждение культуры "Централизованная библиотечная система" г. Сургут (Центральная городская библиотека им. А. С. Пушкина)
990 Данные о заказе (DOS) __
j Количество экземпляров (DOS) 1
t N записи в КСУ для И/У (DOS) 202203